Vista normal Vista MARC

Entrada Nombre personal

Número de registros utilizados en: 1

001 - NÚMERO DE CONTROL

  • Campo de control: 47520

003 - IDENTIFICADOR DE NÚMERO DE CONTROL

  • Campo de control: OSt

005 - FECHA Y HORA DE LA ULTIMA MODIFICACION

  • Campo de control: 20230629234952.0

008 - ELEMENTOS DE DATOS DE LONGITUD FIJA

  • Campo de longitud fija: 230629|| aca||aabn | a|a d

040 ## - FUENTE DE LA CATALOGACIÓN

  • Agencia original de catalogación: OSt

100 1# - ENCABEZAMIENTO--NOMBRE DE PERSONA

  • Nombre personal: Javier Pleitez, Francoisco

670 ## - FUENTE DE DATOS ENCONTRADOS

  • Fuente de citación: Proyecto, Guía sobre el uso de herramientas en línea para aplicar estrategias de enseñanza y recursos tecnológicos con enfoque comunicativo en educación básica y media del Centro Escolar San Isidro, San Pablo Tacachico, La Libertad

670 ## - FUENTE DE DATOS ENCONTRADOS

  • Fuente de citación: BMC.- 29-06-2023